000 00285nam a2200121 a 4500
008 100916s1985|||| d
100 1 _aDumas, Alexander
245 1 0 _aKráľovnin náhrdelník
260 _bTatran
_aBratislava
_c1985
020 _c44
044 _axo
_cSK
041 _aslo
999 _c10342
_d10342